Detalles MARC
| 000 -LÍDER |
| Campo fijo de descripción fija |
01849cam a2200373 a 4500 |
| 001 - NÚMERO DE CONTROL |
| Campo de control |
29846234 |
| 003 - IDENTIFICADOR DEL NÚMERO DE CONTROL |
| Campo de control |
OCoLC |
| 005 - FECHA Y HORA DE LA ULTIMA TRANSACCIÓN |
| control field |
20180622072749.0 |
| 008 - ELEMENTOS DE LONGITUD FIJA -- INFORMACIÓN GENERAL |
| Campo fijo de descripción fija -- Información general |
940131s1994 cau b 001 0 eng |
| 010 ## - NÚMERO DE CONTROL DE LA BIBLIOTECA DEL CONGRESO |
| Número de control LC |
94005507 |
| 020 ## - NÚMERO INTERNACIONAL NORMALIZADO PARA LIBROS |
| Número Internacional Normalizado del libro |
0520087739 (hard) |
| 040 ## - FUENTE DE CATALOGACIÓN |
| Agencia de catalogación original |
DLC |
| Agencia que realiza la transcripción |
CO-MdFUSB |
| Agencia que realiza la modificación |
UKM |
| -- |
CWS |
| -- |
UtOrBLW |
| Idioma de catalogación |
spa |
| Convenciones de la descripción |
rda |
| 041 ## - CÓDIGO DE IDIOMA |
| Código de idioma para texto/pista de sonido o título separado |
spa |
| 082 ## - NÚMERO DE CLASIFICACIÓN DECIMAL DEWEY |
| Número de la edición del Dewey |
23 |
| Número de clasificación |
171.7 |
| Clave de autor-Numero de item |
F219t |
| 100 1# - ASIENTO PRINCIPAL--NOMBRE PERSONAL |
| Nombre personal |
Farber, Paul Lawrence, |
| Fechas asociadas con el nombre |
1944- |
| Término relacionador |
autor |
| 245 14 - TÍTULO |
| Título del Material |
The temptations of evolutionary ethics |
| Mención de responsabilidad, etc. |
/ Paul Lawrence Farber. |
| 264 #1 - PRODUCCIÓN, PUBLICACIÓN, DISTRIBUCIÓN, MANUFACTURA, Y COPYRIGHT |
| Lugar de producción, publicación, distribución, manufactura |
Berkeley : |
| Nombre del productor, publicador, distribuidor |
University of California Press, |
| Fecha de producción, publicación, distribución, manufactura, o copyright |
[1994] |
| 264 #4 - PRODUCCIÓN, PUBLICACIÓN, DISTRIBUCIÓN, MANUFACTURA, Y COPYRIGHT |
| Fecha de producción, publicación, distribución, manufactura, o copyright |
©1994. |
| 300 ## - DESCRIPCIÓN FÍSICA |
| Extensión |
xii, 210 páginas : |
| Dimensiones |
22 cm. |
| 336 ## - TIPO DE CONTENIDO |
| Término de tipo de contenido |
texto |
| Código de tipo de contenido |
txt |
| Fuente |
rdacontent. |
| 337 ## - TIPO DE MEDIO |
| Nombre del tipo de medio |
sin mediación |
| Código del tipo de medio |
n |
| Fuente |
rdamedia. |
| 338 ## - TIPO DE SOPORTE |
| Nombre del tipo de soporte |
volumen |
| Código Tipo de soporte |
nc |
| Fuente |
rdacarrier. |
| 504 ## - NOTA DE BIBLIOGRAFÍA, ETC. |
| Nota de bibliografía, etc |
Includes bibliographical references (p. 177-206) and index. |
| 505 1# - NOTA DE CONTENIDO |
| Nota de contenido con formato preestablecido |
Charles Darwin -- Darwinian ethics -- Evolutionary ethics: Herbert Spencer -- Darwinian critics: Thomas Henry Huxley and Alfred Russel Wallace -- Early reception and evaluation of evolutionary ethics: 1870-1890s -- Syntheses, modern and otherwise: 1918-1969 -- Evolutionary ethics since 1975: Dodo, Phoenix, or Firebird -- Recapitulation, lessions, and queries. |
| 505 0# - NOTA DE CONTENIDO |
| Nota de contenido con formato preestablecido |
Charles Darwin -- Ética Darwiniana-- Ética evolucionista: Herbert Spencer -- Crítica Darwiniana: Thomas Henry Huxley and Alfred Russel Wallace -- Recepción tempranas y evaluación de la ética evolutiva: 1870-1890s --Síntesis, modernas y contrarias: 1918-1969 -- Evolución ética de la ciencia 1975: Dodo, Phoenix, or Firebird -- Recapitulación, lecciones, y preguntas. |
| 563 ## - NOTA DE ENCUADERNACIÓN |
| Nota de encuadernación |
rústico |
| 650 #0 - ASIENTO SECUNDARIO DE MATERIA - TERMINO TEMÁTICO |
| Término temático o nombre geográfico como elemento de entrada |
Ethics, Evolutionary |
| Subdivisión general |
History. |
| 653 ## - TÉRMINO DE INDIZACIÓN - NO CONTROLADO |
| Término no controlado |
Ética evolutiva -- Historia |
| 653 ## - TÉRMINO DE INDIZACIÓN - NO CONTROLADO |
| Término no controlado |
Evolucionismo |
| 653 ## - TÉRMINO DE INDIZACIÓN - NO CONTROLADO |
| Término no controlado |
Charles Darwin |
| 942 ## - TIPO DE MATERIAL (KOHA) |
| Tipo de Item KOHA |
Libros General |